Wired up (Record no. 76178)

MARC details
000 -LEADER
fixed length control field 00786cab a2200193 4500
001 - CONTROL NUMBER
control field ##L131584
008 - FIXED-LENGTH DATA ELEMENTS--GENERAL INFORMATION
fixed length control field 051117n2005 000 0 eng u
035 ## - SYSTEM CONTROL NUMBER
System control number (Sirsi) u131584
041 0# - LANGUAGE CODE
Language code of text/sound track or separate title eng
100 1# - MAIN ENTRY--PERSONAL NAME
Personal name Birkby, Gillian
245 00 - TITLE STATEMENT
Title Wired up
260 ## - PUBLICATION, DISTRIBUTION, ETC.
Date of publication, distribution, etc. 2005
490 #0 - SERIES STATEMENT
Series statement Building
Volume/sequential designation 270(8406) 11 November 2005, 64(1)
520 ## - SUMMARY, ETC.
Summary, etc. Outlines the main provisions of the new RICS guidance note on e-tendering (ISBN 1842192345). Argues that whilst e-tendering can be more efficient than using paper-based methods, the possibility of human error and technological failure, leading to unfairness to some tenderers, still exists, and needs to be guarded against.
590 ## - LOCAL NOTE (RLIN)
Local note IKA221105
650 24 - SUBJECT ADDED ENTRY--TOPICAL TERM
Topical term or geographic name entry element E-TENDERING: RICS GUIDANCE NOTE
690 ## - LOCAL SUBJECT ADDED ENTRY--TOPICAL TERM (OCLC, RLIN)
Topical term or geographic name as entry element Procurement
9 (RLIN) 6260
942 ## - ADDED ENTRY ELEMENTS (KOHA)
Suppress in OPAC 0
Holdings
Withdrawn status Lost status Source of classification or shelving scheme Damaged status Not for loan Home library Current library Shelving location Date acquired Total Checkouts Full call number Barcode Date last seen Copy number Price effective from Koha item type
    Dewey Decimal Classification     London London Journal article 17/11/2005   L131584 131584-1001 06/08/2019 1 06/08/2019 Journal article